000 00690nam a2200181Ia 4500
003 GCL
008 140319s9999 xx 000 0 ara d
040 _aGCL /
_cGCL
082 0 4 _a862
_bب ن
100 1 _aبنيتث، فرانثيسكو
245 1 0 _aنصوص من المسرح الاسبانى المعاصر /
_cبنيتث، فرانثيسكو
260 _aالقاهرة :
_bوزارة الثقافة - مهرجان القاهرة الدولى للمسرح التجريبى ،
_c2004
300 _a408 ص ؛
_c24 سم
650 0 4 _aالمسرحيات - مجموعات
650 0 4 _aالمسرح - اسبانيا
650 0 4 _aالمسرحيات - اسبانيا
942 _2ddc
_cBK
999 _c7176
_d7176